000 00555nam a22002297a 4500
005 20170825094822.0
008 170824b xxu||||| |||| 00| 0 spa d
020 _a9781438075204
041 _aeng
100 _aKendris, Christopher
_943957
100 _aKendris, Theodore
_943958
245 _a501 French Verbs
260 _aEstados Unidos
260 _c2015
260 _bBarron's
300 _a760 páginas
650 _aFRANCÉS
_922366
650 _aIDIOMAS
_943959
650 _aINGLÉS
_92062
650 _aGRAMÁTICA
_943960
942 _cBK
999 _c9799
_d9799